| 000 | 00487nam a2200169 i 4500 | ||
|---|---|---|---|
| 001 | 55472 | ||
| 003 | ES-MaACL | ||
| 005 | 20230906163143.0 | ||
| 007 | t| | ||
| 008 | 030922s1948 sp ||||1| spa d | ||
| 100 | 1 |
_aDerqui Morilla, Fernando. _943794 |
|
| 245 | 1 | 0 |
_aRefuerzo de obras / _cpor Fernando Derqui Morilla. |
| 250 | _a1ª ed. | ||
| 260 |
_a[Madrid : _bs.n.], _c1948 ( _fGráf. Onofre Alonso) |
||
| 300 |
_aVI, 203 p. : _bil. ; _c22 cm. |
||
| 852 |
_aES-MaACL _jC-5546 _bR.25999 |
||
| 999 |
_c55472 _d55472 |
||